000 00483nam a2200181Ia 4500
005 20250326143900.0
008 250326s9999 xx 000 0 und d
037 _aTextbook
040 _aFMSL
_beng
_cFMSL
041 _aeng
_2eng
084 _aD658(B) L2
_qFMSL
100 _aSprowls R C
_9735550
245 0 _aPL/C: processor for PL/I
_cSprowls R C
260 _aNY
_bNY, Canfield
_c1972
300 _a247p
942 _cTB
_hD658(B) L2
999 _c1301467
_d1301467